000
00352 a2200169 4500
001
186464
020
_a
978-85-16-06308-5
040
_c
Magnum
100
_a
Rocha, Ruth
240
1
0
_a
Pedrinho pintor
_l
por
245
1
0
_a
Pedrinho pintor
300
_a
40
362
0
_a
2009
440
1
_a
Salamandra
697
_a
LITERATURA INFANTIL
942
_c
BK
999
_c
186464
_d
186464